000 00482nam a2200169 a 4500
005 20210219160544.0
008 081110s2000 mx r 000 0 spa d
035 _aUPN01000167871
049 _aUNE
080 _a342.7 (100)=20 "1949" MAR.
100 1 _aMaritain, Jacques
245 1 0 _aHuman rights: comments and interpretations/ by Jacques Maritain.
260 _aLondon : Allan Wingate, 1949.
300 _a288 p.
690 _aDerechos humanos- Ensayos
905 _aUNESCO
999 _c139982
_d139982